00531nam a2200145 a 4500001001000000003000900010005001700019007000300036008004100039040002500080110002700105245016000132260007300292300002000365000032807DO-SdBNP20220128100205.0ta110726s1944 dr 000 0 spa d aDO-SdBNPbspacBNPHU1 aRepública Dominicana10aInforme que la honorable Congreso Nacional presenta a la Cámara de Cuentas de la República presenta al Congreso Nacional correspondiente al año 1944. aCiudad Trujillo, República Dominicana :bImp. La Opinión,c1944. a77 p. ;c24 cm.